000 00584nam a22001817a 4500
005 20260122160211.0
008 240305b ||||| |||| 00| 0 eng d
040 _aSSBUL
_cSSBUL
082 _223
_a821
_bAn
100 1 _aAnada, Ashin
_937557
245 1 0 _aFifty selected poeams /
_cAshin Ananda.
260 _aရန်ကုန် ၊
_bခရမ်းရောင်စာစဉ်၊
_c၁၉၈၆။
300 _a133 pages ;
_c24 cm.
500 _aProf. Nicola Tannenbaum
500 _aS-SAT: Dr. Prof Sai Aung Tun
650 _aEnglish
_xpoetry
_937558
942 _2ddc
_cBK1
999 _c32346
_d32346